[Event "MK Cafe Cup-A"]
[Site "Koszalin"]
[Date "1998.08.08"]
[Round "6"]
[White "Bobras, Piotr"]
[Black "Haba, Petr"]
[Result "0-1"]
[WhiteElo "2345"]
[BlackElo "2515"]

1.e4 c5 2.Nf3 e6 3.d4 cxd4 4.Nxd4 Nc6 5.Nc3 Qc7 6.Be3 a6 7.Bd3 Nf6 8.O-O Ne5
9.h3 Bc5 10.f4 Nc6 11.Nf5 Bxe3+ 12.Nxe3 d6 13.Qf3 O-O 14.Rae1 Nd7 15.Qh5 Nc5
16.Rf3 b5 17.e5 Nxd3 18.cxd3 dxe5 19.Ng4 f6 20.Ne4 exf4 21.Rxf4 Qxf4 22.Rf1 Qxf1+
23.Kxf1 f5 24.Nh6+ gxh6 25.Nd6 Ra7 26.Qxh6 Rg7 27.d4 Bd7 28.Qf4 Nd8 29.h4 Bc6
30.h5 Rg4 31.Qe5 Bxg2+ 32.Kf2 h6 33.Nc8 Rg7 34.Qd6 Re8  0-1

[Event "North Bay op"]
[Site "North Bay"]
[Date "1998.08.08"]
[Round "8"]
[White "Djerkovic, Miladin"]
[Black "Morrell, Gord"]
[Result "1/2-1/2"]
[WhiteElo "2265"]
[BlackElo "2130"]

1.e4 c5 2.Nf3 e6 3.d4 cxd4 4.Nxd4 Nc6 5.Nc3 a6 6.Be2 Qc7 7.Be3 b5 8.Nxc6 Qxc6
9.e5 Bb7 10.Bf3 Qc7 11.Bxb7 Qxb7 12.O-O Rc8 13.Qd3 Ne7 14.Rad1 Nf5 15.Rd2 Bb4  1/2-1/2

[Event "MK Cafe Cup-A"]
[Site "Koszalin"]
[Date "1998.08.09"]
[Round "7"]
[White "Miton, Kamil"]
[Black "Hansen, Sune Berg"]
[Result "0-1"]
[WhiteElo "2415"]
[BlackElo "2520"]

1.e4 c5 2.Nf3 e6 3.d4 cxd4 4.Nxd4 Nc6 5.Nc3 Qc7 6.Be2 a6 7.O-O Nf6 8.Kh1 Be7
9.f4 d6 10.Be3 O-O 11.Bf3 Re8 12.g4 Nxd4 13.Bxd4 e5 14.Be3 exf4 15.Bxf4 Be6
16.g5 Nd7 17.Nd5 Bxd5 18.Qxd5 Bf8 19.c3 Ne5 20.Bd1 Rac8 21.Bb3 Nc4 22.Bg3 Re7
23.Rf2 Qc6 24.Qxc6 Rxc6 25.Raf1 b5 26.a4 Rb7 27.axb5 axb5 28.Ra1 g6 29.Ra8 Kg7
30.e5 d5 31.Rf6 Re6 32.Bd1 Ne3 33.Bf3 Rbe7 34.Bf4 Rxe5 35.Bxe5 Rxe5 36.Rb6 Rxg5
37.Be2 Rg2 38.Bxb5 Rxb2 39.Ra1 Bc5 40.Rb7 Ng4  0-1

[Event "MK Cafe Cup-A"]
[Site "Koszalin"]
[Date "1998.08.10"]
[Round "8"]
[White "Dworakowska, Joanna"]
[Black "Khasin, Alexander"]
[Result "0-1"]
[WhiteElo "2390"]
[BlackElo "2500"]

1.e4 c5 2.Nf3 Nc6 3.d4 cxd4 4.Nxd4 e6 5.Nc3 Qc7 6.Be2 Nf6 7.O-O a6 8.Kh1 Nxd4
9.Qxd4 Bc5 10.Qd3 b5 11.f4 Bb7 12.Bf3 h5 13.e5 Ng4 14.Bxb7 Qxb7 15.Ne4 Be7
16.a4 Nh6 17.Be3 b4 18.Bc5 Bxc5 19.Nxc5 Qc6 20.Ne4 Nf5 21.b3 O-O 22.Rad1 Ra7
23.Rf3 Rd8 24.Rh3 h4 25.Qe2 d5 26.exd6 Rad7 27.Rdd3 Nxd6 28.Ng5 Nf5 29.Qh5 Nh6
30.Qe2 Rd5 31.Rxd5 Rxd5 32.Rd3 Qd6 33.Rxd5 Qxd5 34.Qd3 Qxd3 35.cxd3 Nf5 36.Nf3 Kf8
37.Kg1 Ke7 38.Kf2 Kd6 39.g4 hxg3+ 40.hxg3 Kd5 41.g4 Nd4 42.Nd2 Nc2 43.Ke2 Kd4
44.Ne4 Na1 45.Ng5 Nxb3 46.Nxf7 Nc1+ 47.Kd2 Nxd3 48.f5 exf5 49.gxf5 Nc5 50.Nd8 b3
51.Nc6+ Kc4 52.Na5+ Kb4 53.Nc6+ Ka3  0-1

[Event "MK Cafe Cup-A"]
[Site "Koszalin"]
[Date "1998.08.12"]
[Round "10"]
[White "Mainka, Romuald"]
[Black "Kveinys, Aloyzas"]
[Result "0-1"]
[WhiteElo "2480"]
[BlackElo "2545"]

1.e4 c5 2.Nf3 e6 3.d4 cxd4 4.Nxd4 Nc6 5.Nc3 Qc7 6.Be3 a6 7.Bd3 b5 8.O-O Bb7
9.Nxc6 Bxc6 10.Re1 Bd6 11.h3 Nf6 12.a3 Be5 13.Bg5 h6 14.Bd2 O-O 15.Qe2 Rfe8
16.f4 Bxf4 17.Bxf4 Qxf4 18.e5 Nd5 19.Nxd5 Bxd5 20.Rf1 Qg5 21.a4 Rab8 22.b3 Rf8
23.Rf2 Bc6 24.axb5 axb5 25.Be4 b4 26.Rd1 Rb5 27.Re1 Rc5 28.Bxc6 dxc6 29.Qe4 Rb8
30.Rf4 Rxc2 31.Rg4 Qd2 32.Kh2 h5 33.Rf4 Rd8 34.Ra1 Qe2 35.Ra7 Qxe4 36.Rxe4 Rdd2  0-1

[Event "COL-ch"]
[Site "Pensilvania"]
[Date "1998.08.12"]
[Round "9"]
[White "Rios, Alejandro"]
[Black "Zapata, Alonso"]
[Result "0-1"]
[WhiteElo "2325"]
[BlackElo "2470"]

1.e4 c5 2.Nf3 e6 3.d4 cxd4 4.Nxd4 Nc6 5.Nc3 Qc7 6.Be3 a6 7.f4 b5 8.Nxc6 Qxc6
9.Be2 Bb7 10.Bf3 Qc7 11.Qd3 Rc8 12.O-O-O Nf6 13.Kb1 d6 14.Rhe1 Be7 15.e5 Bxf3
16.exd6 Bxd6 17.gxf3 Bxf4 18.Nxb5 axb5 19.Qxb5+ Ke7 20.Bxf4 Qxf4 21.b3 Rhd8
22.Rxd8 Rxd8 23.a4 Qxf3 24.a5 Qc3 25.Rc1 Rd5  0-1

[Event "ESP-ch"]
[Site "Linares"]
[Date "1998.08.14"]
[Round "3"]
[White "Abella Vazquez, Carlos Manuel"]
[Black "Franco Ocampo, Zenon"]
[Result "0-1"]
[WhiteElo "2180"]
[BlackElo "2485"]

1.e4 c5 2.Nf3 Nc6 3.d4 cxd4 4.Nxd4 e6 5.Nc3 Qc7 6.Be3 a6 7.Bd3 b5 8.O-O Bb7
9.Nb3 Nf6 10.f4 d6 11.g4 h5 12.g5 Ng4 13.Qe2 Nxe3 14.Qxe3 g6 15.Rad1 Be7
16.Qf2 O-O 17.Qg3 Na5 18.f5 Nxb3 19.axb3 Qb6+ 20.Kh1 exf5 21.Nd5 Bxd5 22.exd5 Rfe8
23.Bxf5 gxf5 24.g6 f6 25.g7 Bd8 26.Qg6 Qe3 27.Qxh5 Qe4+ 28.Rf3 Bb6 29.h3 Ra7
30.Qh8+ Kf7 31.Qh5+ Kxg7 32.Kh2 Qe2+ 33.Kg3 Bf2+  0-1

[Event "ESP-ch"]
[Site "Linares"]
[Date "1998.08.14"]
[Round "3"]
[White "Perez Candelario, Manuel"]
[Black "Sion Castro, Marcelino"]
[Result "0-1"]
[WhiteElo "2155"]
[BlackElo "2430"]

1.e4 c5 2.Nf3 e6 3.d4 cxd4 4.Nxd4 Nc6 5.Nc3 Qc7 6.Be2 a6 7.O-O Nf6 8.Be3 Bb4
9.Nxc6 bxc6 10.Qd4 c5 11.Qc4 Bb7 12.Na4 Nxe4 13.c3 d5 14.Qb3 Ba5 15.Nxc5 Nxc5
16.Bxc5 Qxc5 17.Qxb7 O-O 18.Qd7 Bb6 19.Qa4 a5 20.Qb5 Qd6 21.Qd3 Rab8 22.Rab1 Rfd8
23.Qg3 Qc6 24.Qh4 Rd7 25.a4 Rdd8 26.Bb5 Qc5 27.Rfe1 Rd6 28.Re5 Bd8 29.Qh3 g6
30.Qf3 Kg7 31.Rd1 Bf6 32.Re2 Rdd8 33.Red2 Bg5 34.Rd3 e5 35.Qg4 e4 36.Rd4 Bf6
37.R4d2 d4 38.cxd4 Bxd4 39.Kf1 Kf6 40.f3 Bg1 41.Qg3 Rxd2 42.Rxd2 exf3 43.gxf3 Qc1+  0-1

[Event "Energy Cup"]
[Site "Olomouc"]
[Date "1998.08.14"]
[Round "7"]
[White "Simacek, Pavel"]
[Black "Beil, Zdenek"]
[Result "1-0"]
[WhiteElo "2350"]
[BlackElo "2320"]

1.e4 c5 2.Nf3 Nc6 3.d4 cxd4 4.Nxd4 e6 5.Nc3 a6 6.g3 d6 7.Bg2 Bd7 8.O-O Nf6
9.Nxc6 Bxc6 10.a4 Be7 11.Be3 O-O 12.f4 Qc7 13.g4 b5 14.g5 Nd7 15.axb5 axb5
16.Rxa8 Rxa8 17.f5 Bf8 18.fxe6 fxe6 19.Qg4 Re8 20.Bh3 Ne5 21.Qxe6+ Rxe6 22.Bxe6+ Nf7
23.Nd5 Bxd5 24.exd5 h6 25.Rxf7 Qxf7 26.g6 Qxe6 27.dxe6 Be7 28.Bd4 Bg5 29.Kg2 Kf8
30.Kf3 Ke7 31.Bxg7 Kxe6 32.Kg4 Bf6 33.Bxf6 Kxf6 34.Kh5 Kg7 35.b4  1-0

[Event "Harplinge"]
[Site "Harplinge"]
[Date "1998.08.15"]
[Round "1"]
[White "Lautier, Joel"]
[Black "Hall, Jesper"]
[Result "1-0"]
[WhiteElo "2625"]
[BlackElo "2485"]

1.e4 c5 2.Nf3 e6 3.d4 cxd4 4.Nxd4 Nc6 5.Nc3 d6 6.g4 a6 7.Be3 Nge7 8.f4 b5
9.Nb3 Bb7 10.Qe2 Na5 11.Nxa5 Qxa5 12.Bg2 b4 13.Nd1 d5 14.Nf2 dxe4 15.Bxe4 Bxe4
16.Nxe4 Nd5 17.f5 Nxe3 18.Qxe3 Qe5 19.fxe6 Qxe6 20.O-O-O Be7 21.Nd6+ Bxd6
22.Qxe6+ fxe6 23.Rxd6 O-O 24.Rxe6 Rf2 25.Rd6 Re8 26.Rd2 Ree2 27.Rxe2 Rxe2
28.h3 h6 29.b3 Re3 30.Kb2 Kh7 31.a4 a5 32.Rd1 Rxh3 33.Rd5 Rg3 34.Rxa5 Rxg4
35.Rb5 Rf4 36.a5 g5 37.a6 Rf6 38.Rb7+ Kg6 39.a7 Ra6 40.Rb6+  1-0

[Event "Rubinstein mem 35th"]
[Site "Polanica Zdroj"]
[Date "1998.08.17"]
[Round "1"]
[White "Oll, Lembit"]
[Black "Gelfand, Boris"]
[Result "1/2-1/2"]
[WhiteElo "2650"]
[BlackElo "2675"]

1.e4 c5 2.Nf3 Nc6 3.d4 cxd4 4.Nxd4 e6 5.Nc3 d6 6.f4 Nf6 7.Nf3 Be7 8.Bd3 O-O
9.O-O Nb4 10.Kh1 Nxd3 11.cxd3 b6 12.Be3 Bb7 13.Bd4 Nh5 14.Qd2 f5 15.Be3 Qd7
16.Nd4 Bf6 17.Nde2 Rae8 18.Rad1 g6 19.Bd4 e5 20.Be3 Bg7 21.fxe5 dxe5 22.Bh6 fxe4
23.dxe4 Qxd2 24.Bxd2 Nf6 25.Ng3 h5 26.Bg5 Nh7 27.Rxf8+ Bxf8 28.Rd8 Rxd8 29.Bxd8 Kf7
30.Nf1 Nf6 31.Nd2 Bc5 32.Nf3 Ng4 33.h3 Nf2+ 34.Kh2 Ke8 35.Bc7 Nxe4 36.Nxe4 Bxe4
37.Bxe5 Ke7 38.Kg3 Ke6 39.Kf4 Kd5 40.Bc3 a5 41.g4 Bd6+ 42.Ke3 a4 43.Bf6 b5
44.Nd2 Bg2 45.gxh5 gxh5 46.h4 Ke6 47.Bd8 Bd5 48.b3 a3 49.Ne4 Be5 50.Ba5 Kf5
51.Nc3 Bc6 52.Bb4 Kg4 53.Kd3 Kxh4 54.Bxa3 Kg4 55.Be7 h4 56.Bxh4 Kxh4 57.a4 bxa4
58.bxa4 Bg2 59.Kc4 Bf1+ 60.Kb3 Kg5 61.a5 Kf5 62.Na4 Bd4 63.Nb2 Ke6 64.Kc2 Kd5
65.Kb3 Kc6 66.Kc2 Kb5 67.Kb3 Bh3 68.a6 Be6+ 69.Kc2 Kxa6 70.Na4 Kb5 71.Nb2 Bg8
72.Nd1 Kb4 73.Kd3 Bf6 74.Ke4 Kc5 75.Ne3 Bd4 76.Kf4 Bf6 77.Ng2 Kd4 78.Kf3 Bd5+
79.Kf2 Ke4 80.Kg3 Be5+ 81.Kf2 Bb7 82.Nh4 Bc7 83.Ng2 Kf5 84.Ne3+ Kf4 85.Ng2+ Kg4
86.Ne3+ Kh3 87.Nd1 Bf4 88.Ke2 Kg3 89.Kd3 Kf3 90.Kc2 Ke2 91.Nc3+ Ke1 92.Kb3 Kd2
93.Kc4 Be3 94.Na4 Bc6 95.Nc5 Bg2 96.Nb3+ Kc2 97.Nd4+ Kb2 98.Kd3 Bg5 99.Ke2 Bd5
100.Nf3 Bf6 101.Kf2 Kc3 102.Kg3 Kd3 103.Nh4 Ke2 104.Nf5 Be6 105.Kf4 Bd7 106.Ng3+ Kd3
107.Nf5 Kc4 108.Ne3+ Kd4 109.Ng2 Kd3 110.Kf3 Bc6+ 111.Kf2 Bg5 112.Ne1+ Ke4
113.Ng2 Kf5 114.Kg3  1/2-1/2

[Event "Wch (Men) U26"]
[Site "Rotterdam"]
[Date "1998.08.17"]
[Round "6"]
[White "Cherevatenko, Roman"]
[Black "Teran Alvarez, Ismael"]
[Result "0-1"]
[WhiteElo "2410"]
[BlackElo "2305"]

1.e4 c5 2.Nf3 e6 3.d4 cxd4 4.Nxd4 Nc6 5.Nc3 Qc7 6.Be3 a6 7.Bd3 Nf6 8.O-O Bd6
9.Nxc6 bxc6 10.f4 e5 11.f5 Be7 12.Na4 d5 13.Bb6 Qb8 14.Qf3 c5 15.exd5 Bd7
16.d6 Bxa4 17.dxe7 c4 18.Kh1 cxd3 19.cxd3 e4 20.Qf2 Ng4 21.Qg1 exd3 22.b3 Bd7
23.Rac1 Qd6 24.Bc7 Qf6 25.Rf4 h5 26.Rd4 Qxf5 27.Rf1 Qc5 28.Rc1 Qf5 29.Rf4 Qg5
30.Qd4 Rc8 31.Rff1 d2 32.Rc5 Qe3 33.Qxg7 Nf2+  0-1

[Event "Harplinge"]
[Site "Harplinge"]
[Date "1998.08.18"]
[Round "4"]
[White "Schmaltz, Roland"]
[Black "Hall, Jesper"]
[Result "0-1"]
[WhiteElo "2520"]
[BlackElo "2485"]

1.e4 c5 2.Nf3 Nc6 3.d4 cxd4 4.Nxd4 e6 5.Nc3 d6 6.f4 Nf6 7.Nf3 Be7 8.Bd3 Nb4
9.Be2 d5 10.e5 Ne4 11.Be3 Nxc3 12.bxc3 Nc6 13.O-O Qa5 14.Qe1 b6 15.Kh1 Ba6
16.Bxa6 Qxa6 17.f5 exf5 18.Nd4 Nxd4 19.Bxd4 Qc8 20.Qg3 g6 21.e6 Rf8 22.exf7+ Rxf7
23.a4 Qc6 24.a5 b5 25.a6 Kf8 26.Qe3 Bd6 27.Qg5 Re8 28.Rae1 Kg8 29.h4 Bf8
30.h5 Re4 31.Rxe4 dxe4 32.g4 e3+ 33.Kg1 e2 34.Re1 Qxa6 35.Rxe2 Qa1+ 36.Kh2 Qd1
37.Re6 Qxc2+ 38.Kh1 Qd1+ 39.Kg2 fxg4 40.Rf6 Qe2+ 41.Kg1 Qd1+ 42.Kg2 Rxf6
43.Qxf6 Qf3+ 44.Qxf3 gxf3+ 45.Kxf3 a5 46.hxg6 hxg6  0-1

[Event "Asia-ch"]
[Site "Teheran"]
[Date "1998.08.19"]
[Round "5"]
[White "Thipsay, Praveen Mahadeo"]
[Black "Al Modiahki, Mohamad"]
[Result "1-0"]
[WhiteElo "2450"]
[BlackElo "2505"]

1.e4 c5 2.Nf3 e6 3.d4 cxd4 4.Nxd4 Nc6 5.Nc3 Qc7 6.Be2 a6 7.O-O Nf6 8.Be3 Bb4
9.Na4 Be7 10.Nxc6 bxc6 11.Nb6 Rb8 12.Nxc8 Qxc8 13.Bd4 c5 14.Be5 Rb6 15.b3 Nxe4
16.Bxg7 Rg8 17.Bb2 Bf6 18.Bxf6 Nxf6 19.Bf3 Qc7 20.Re1 Qf4 21.Qe2 Rg5 22.Rad1 h5
23.Rd3 Ng4 24.g3 Qc7 25.Qd2 Rg6 26.Qc3 Ke7 27.Rd5 d6 28.Rxh5 Nf6 29.Rh4 d5
30.Qd2 Qd6 31.Rh6 Rg8 32.c3 Rbb8 33.Rh4 Rg6 34.Qd3 Rb6 35.Ra4 Qc6 36.c4 Kf8
37.Ra5 Qd6 38.cxd5 Nxd5 39.Qc4 Rc6 40.Rc1 Rf6 41.Bg2 Nb6 42.Qc2 Rc8 43.Rxc5 Rd8
44.Qc3 Nd7 45.Rc6 Qe5 46.Qd2  1-0

[Event "ESP-ch"]
[Site "Linares"]
[Date "1998.08.20"]
[Round "9"]
[White "Del Rio de Angeles, Gabriel"]
[Black "Sion Castro, Marcelino"]
[Result "1/2-1/2"]
[WhiteElo "2365"]
[BlackElo "2430"]

1.e4 c5 2.Nf3 e6 3.d4 cxd4 4.Nxd4 Nc6 5.Nc3 Qc7 6.Be2 a6 7.f4 b5 8.Nxc6 Qxc6
9.Bf3 Bb7 10.Be3 Rc8 11.a3 Qc4 12.Qd3 Nf6 13.O-O Bc5 14.Bxc5 Qxc5+ 15.Rf2 e5
16.g4 h5 17.g5 Ng4 18.Bxg4 hxg4 19.Qg3 Rh3 20.Qxg4 Rxh2 21.Rf1 Rxf2 22.Rxf2 Qe3
23.fxe5 Qc1+ 24.Rf1 Qe3+ 25.Rf2 Qe1+ 26.Rf1 Qe3+ 27.Kh2 Qd2+ 28.Kh3 Qe3+
29.Rf3 Qe1 30.Qf4 Qh1+ 31.Kg4 Qg2+ 32.Kh4 Qh1+ 33.Rh3 Qe1+ 34.Kg4 Qg1+ 35.Rg3  1/2-1/2

[Event "Wch (Women) U26"]
[Site "Rotterdam"]
[Date "1998.08.20"]
[Round "9"]
[White "Calzetta, Monica"]
[Black "Khurtsidze, Nino"]
[Result "0-1"]
[WhiteElo "2210"]
[BlackElo "2375"]

1.e4 c5 2.Nf3 e6 3.d4 cxd4 4.Nxd4 Nc6 5.Nc3 Qc7 6.g3 a6 7.a4 b6 8.Bg2 Bb7
9.O-O Nf6 10.Nb3 d6 11.f4 Be7 12.Qe2 O-O 13.g4 Rfe8 14.g5 Nd7 15.Be3 Na5
16.Nxa5 bxa5 17.Qh5 Nb6 18.Rf3 g6 19.Qh3 f5 20.exf5 exf5 21.Rf2 Bxg2 22.Qxg2 Bf8
23.Bd4 Bg7 24.Bxg7 Kxg7 25.Rd1 Rab8 26.Nd5 Qc5 27.Nxb6 Rxb6 28.Qd5 Re1+ 29.Kg2 Rxd1
30.Qxd1 Rxb2 31.Qe1 Kf7 32.Qe2 Qc6+ 33.Kh3 Rb4 34.Qd3 Rxa4 35.Qb3+ Rc4 36.Rd2 a4
37.Qe3 Qc5 38.Qf3 Re4 39.Kg2 d5 40.Qd3 Rxf4 41.Qxa6 Qe7  0-1

[Event "GER-ENG (Women)"]
[Site "Dresden"]
[Date "1998.08.21"]
[Round "6"]
[White "Koglin, Anke"]
[Black "Sheldon, Ruth"]
[Result "0-1"]
[WhiteElo "2270"]
[BlackElo "2220"]

1.e4 c5 2.Nf3 e6 3.d4 cxd4 4.Nxd4 Nc6 5.Nc3 Qc7 6.Be2 a6 7.O-O Nf6 8.Kh1 Nxd4
9.Qxd4 Bc5 10.Qd3 b5 11.f4 h5 12.e5 Ng4 13.Bf3 Bb7 14.Bxb7 Qxb7 15.Ne4 Qc6
16.Nxc5 Qxc5 17.b4 Qc6 18.Bb2 h4 19.Qh3 Nh6 20.Bd4 a5 21.bxa5 Rxa5 22.Qxh4 O-O
23.c3 Rfa8 24.Rf2 Nf5 25.Qg5 Qe4 26.h3 Ra3 27.Kh2 b4 28.Bb6 Rxc3 29.Raf1 Qc6
30.Ba5 Rg3  0-1

[Event "Dresden op"]
[Site "Dresden"]
[Date "1998.08.21"]
[Round "6"]
[White "Kaminski, Uwe"]
[Black "Bannink, Bernard"]
[Result "1-0"]
[WhiteElo "2365"]
[BlackElo "2220"]

1.e4 c5 2.Nf3 e6 3.Nc3 Nc6 4.d4 cxd4 5.Nxd4 Nf6 6.Ndb5 d6 7.Bf4 e5 8.Bg5 a6
9.Na3 b5 10.Bxf6 gxf6 11.Nd5 f5 12.c3 Be6 13.exf5 Bxf5 14.Nc2 Bg7 15.Nce3 Bg6
16.h4 h6 17.h5 Bh7 18.g4 O-O 19.Bg2 Rc8 20.a4 e4 21.Nf5 Bxf5 22.gxf5 Qg5
23.Kf1 Rfe8 24.axb5 axb5 25.f6 e3 26.fxe3 Bxf6 27.Bh3 Kh8 28.Qf3 Bg7 29.Bxc8 Rxc8
30.Rg1 Qe5 31.Ra6 b4 32.Qg4 f5 33.Qg3 bxc3 34.bxc3 Qxg3 35.Rxg3 Ne5 36.Rxd6 Ng4
37.Ne7 Rc5 38.Ke2 Nf6 39.Rf3 Ne4 40.Rd8+ Kh7 41.Rd7 Ra5 42.Nxf5 Rxf5 43.Rxf5 Ng3+
44.Kd3 Nxf5 45.c4 Kg8 46.c5 Kf8 47.c6 Ke8 48.Rd5 Ne7 49.c7 Nxd5 50.c8=Q+ Kf7
51.Qc4  1-0

[Event "Harplinge"]
[Site "Harplinge"]
[Date "1998.08.21"]
[Round "7"]
[White "Schmaltz, Roland"]
[Black "Hansen, Curt"]
[Result "0-1"]
[WhiteElo "2520"]
[BlackElo "2610"]

1.e4 c5 2.Nf3 e6 3.d4 cxd4 4.Nxd4 Nc6 5.Nc3 d6 6.Be2 Nf6 7.O-O Be7 8.Be3 O-O
9.f4 Bd7 10.Nb3 Qc7 11.g4 d5 12.exd5 Nxd5 13.Nxd5 exd5 14.Qd2 Rfe8 15.Rae1 Bh4
16.Bf2 Bxf2+ 17.Rxf2 Rad8 18.Ref1 Qb6 19.Kh1 d4 20.Bf3 Re3 21.h3 Be6 22.Kh2 Bc4
23.Rd1 d3 24.Bxc6 bxc6 25.Nc1 h5 26.cxd3 Rexd3 27.Nxd3 Rxd3  0-1

[Event "Asia-ch"]
[Site "Teheran"]
[Date "1998.08.21"]
[Round "6"]
[White "Thipsay, Praveen Mahadeo"]
[Black "Saltaev, Mihail"]
[Result "1/2-1/2"]
[WhiteElo "2450"]
[BlackElo "2525"]

1.e4 c5 2.Nf3 e6 3.d4 cxd4 4.Nxd4 Nc6 5.Nc3 d6 6.Be2 Nf6 7.Be3 Bd7 8.Nb3 Be7
9.O-O O-O 10.f4 Qc7 11.Kh1 Rad8 12.Bf3 a6  1/2-1/2

[Event "Dresden op"]
[Site "Dresden"]
[Date "1998.08.24"]
[Round "9"]
[White "Bannink, Bernard"]
[Black "Chekhov, Valery A"]
[Result "0-1"]
[WhiteElo "2220"]
[BlackElo "2525"]

1.Nc3 c5 2.e4 e6 3.Nf3 Nc6 4.d4 cxd4 5.Nxd4 Nf6 6.Ndb5 d6 7.Bf4 e5 8.Bg5 a6
9.Na3 Be6 10.Nc4 Rc8 11.Ne3 Be7 12.Bxf6 Bxf6 13.Ncd5 Bg5 14.c3 O-O 15.Bc4 Kh8
16.O-O g6 17.Qe2 Bh6 18.Rad1 b5 19.Bd3 f5 20.exf5 gxf5 21.f4 Ne7 22.Nxe7 Qxe7
23.fxe5 Qa7 24.Rde1 dxe5 25.Kh1 e4 26.Bb1 Rcd8 27.b3 Qg7 28.Rd1 f4 29.Rxd8 Rxd8
30.Nc2 f3  0-1

[Event "Asia-ch"]
[Site "Teheran"]
[Date "1998.08.26"]
[Round "10"]
[White "Thipsay, Praveen Mahadeo"]
[Black "Kasimdzhanov, Rustam"]
[Result "1/2-1/2"]
[WhiteElo "2450"]
[BlackElo "2570"]

1.e4 c5 2.Nf3 e6 3.d4 cxd4 4.Nxd4 Nc6 5.Nc3 Qc7 6.Be2 a6 7.Be3 Nf6 8.O-O Bb4
9.Na4 Be7 10.Nxc6 bxc6 11.Nb6 Rb8 12.Nxc8 Qxc8 13.e5 Nd5 14.Bc1 Bc5 15.c4 Ne7
16.b3 Qc7 17.Bb2 Ng6 18.Kh1 O-O  1/2-1/2

[Event "Asia-ch"]
[Site "Teheran"]
[Date "1998.08.27"]
[Round "11"]
[White "Al Modiahki, Mohamad"]
[Black "Saltaev, Mihail"]
[Result "1/2-1/2"]
[WhiteElo "2505"]
[BlackElo "2525"]

1.e4 c5 2.Nf3 e6 3.d4 cxd4 4.Nxd4 Nc6 5.Nc3 d6 6.g3 Nf6 7.Bg2 Bd7 8.O-O a6
9.a4 Be7 10.Nb3 Na5 11.Nxa5 Qxa5 12.Bd2 Qc7 13.a5 Bc6 14.Be3 Nd7 15.Na4 O-O
16.c4 f5 17.Nc3 Nc5 18.Qc2 Bf6 19.exf5 Bxg2 20.Kxg2 Bxc3 21.Qxc3 Rxf5 22.Bd4 Raf8
23.f3 Qf7 24.Rae1 Nd7 25.Qd3 e5 26.Bc3 Nc5 27.Qxd6 e4 28.f4 Qxc4 29.Qd4 Qxd4
30.Bxd4 Re8 31.Be5 Nb3 32.g4 Rf7 33.Bc3 Rd7 34.Re3 Rd3 35.Rfe1 Nc5 36.R3e2 Kf7
37.Bb4 Rd5 38.Rc1 Nd3 39.Rc7+ Kg8 40.Bd2 e3 41.Rxe3 Nxf4+ 42.Kg3 Ne6 43.Rc2 Red8
44.Rxe6 Rxd2 45.Rxd2 Rxd2 46.Rb6 Rd5 47.b4 Rd7 48.Kf4 Re7  1/2-1/2

[Event "RUS-Cup final"]
[Site "Samara"]
[Date "1998.08.30"]
[Round "2"]
[White "Fedorov, Alexei"]
[Black "Khalifman, Alexander"]
[Result "1/2-1/2"]
[WhiteElo "2600"]
[BlackElo "2645"]

1.e4 c5 2.Nf3 Nc6 3.Nc3 e6 4.d4 cxd4 5.Nxd4 Nf6 6.Nxc6 bxc6 7.e5 Nd5 8.Ne4 Qc7
9.f4 Qa5+ 10.Bd2 Qb6 11.Bd3 Be7 12.c4 Qd4 13.Ke2 Ba6 14.b3 f5 15.exf6 gxf6
16.Qg1 Qxg1 17.Raxg1 Nb6 18.Rc1 f5 19.Nf2 h5 20.Rhg1 c5 21.g3 O-O-O 22.h3 Rdg8
23.Be3 Bb7 24.g4 hxg4 25.hxg4 fxg4 26.Nxg4 d6 27.f5  1/2-1/2

[Event "Schwarzach opA"]
[Site "Schwarzach"]
[Date "1998.08.30"]
[Round "9"]
[White "Loeffler, Markus"]
[Black "Epishin, Vladimir"]
[Result "1/2-1/2"]
[WhiteElo "2365"]
[BlackElo "2585"]

1.e4 c5 2.Nf3 e6 3.d4 cxd4 4.Nxd4 Nc6 5.Nc3 Qc7 6.Be3 a6 7.Bd3 Nf6 8.O-O Ne5
9.h3 Bc5 10.f4 d6 11.Qe2 Ned7 12.Nb3 Bxe3+ 13.Qxe3 O-O 14.Rae1 e5 15.fxe5 dxe5
16.Nd5 Qd8 17.Qg3 Re8 18.Rf5 Nxd5 19.exd5 f6 20.c4 a5 21.Rh5 Nf8 22.Kh1 g6
23.Be4 b6 24.Bf5 Qc7 25.Bxc8 Raxc8 26.Nd2 Qg7 27.Rh4 f5 28.b3 Nd7 29.Qg5 Qf6
30.Qh6 Qg7 31.Qg5 h5 32.g4 hxg4 33.hxg4 Rf8 34.Rh6 Rf6 35.Rg1 Nf8 36.gxf5 Rxf5
37.Qh4 Rc7 38.Rg2 Rf4 39.Qh3 e4 40.Rh2 Qa1+ 41.Kg2 Qe5 42.Rh8+ Kf7 43.Qg3 Re7
44.R2h4 Rxh4 45.Rxh4 Qxg3+ 46.Kxg3 e3 47.Ne4 Kg7 48.Kf3 Nd7 49.Rh1 e2 50.Re1 Ne5+
51.Ke3 g5 52.Rxe2 Kg6 53.d6 Re8 54.Rd2 Nd7 55.Kd4 Re5 56.Rf2 Rf5 57.Rxf5 Kxf5
58.Kd5 g4 59.a3 Kf4 60.b4 axb4 61.axb4 Ne5 62.c5 Nd3 63.d7 Nxb4+ 64.Kd6 Kxe4
65.cxb6 g3 66.d8=Q g2 67.Qg5 Kf3 68.b7 Na6 69.Ke5 Nc5 70.Qg7 Nd7+ 71.Kd6 Nb8
72.Kc7 Na6+ 73.Kb6 Nb8 74.Ka7 Nc6+ 75.Ka8 Kf2 76.Qf6+ Ke2 77.Qxc6 g1=Q 78.b8=Q Qa1+
79.Qa7 Qh8+ 80.Qb8 Qa1+ 81.Kb7 Qg7+ 82.Kc8 Qh8+ 83.Kc7 Qe5+ 84.Qd6 Qc3+ 85.Qc6 Qg7+
86.Qd7 Qc3+ 87.Qc6 Qg3+ 88.Qd6 Qg7+ 89.Kc6 Qc3+ 90.Qc5 Qf3+ 91.Kd6 Qd3+ 92.Qd5 Qa3+
93.Ke6 Qh3+ 94.Ke5 Qh2+  1/2-1/2

[Event "RUS-Cup final"]
[Site "Samara"]
[Date "1998.09.01"]
[Round "4"]
[White "Khalifman, Alexander"]
[Black "Zvjaginsev, Vadim"]
[Result "1/2-1/2"]
[WhiteElo "2645"]
[BlackElo "2650"]

1.e4 c5 2.Nf3 e6 3.d4 cxd4 4.Nxd4 Nc6 5.Nc3 d6 6.Be3 Nf6 7.f4 e5 8.fxe5 Ng4
9.Bg1 Ngxe5 10.Qd2 Be7 11.O-O-O O-O 12.Kb1 g6 13.Nd5 Bg5 14.Qe1 Bh4 15.g3 Bf6
16.Nxf6+ Qxf6 17.h3 Qe7 18.Be2 Nxd4 19.Bxd4 b6 20.Qb4  1/2-1/2

[Event "CRO-chT"]
[Site "Porec"]
[Date "1998.09.05"]
[Round "1"]
[White "Madl, Ildiko"]
[Black "Skripchenko, Almira"]
[Result "0-1"]
[WhiteElo "2410"]
[BlackElo "2420"]

1.e4 c5 2.Nf3 Nc6 3.d4 cxd4 4.Nxd4 e6 5.Nc3 Qc7 6.Be3 a6 7.Bd3 Nf6 8.O-O b5
9.Qe2 Nxd4 10.Bxd4 Bb7 11.a3 e5 12.Be3 Bc5 13.Bg5 Qb6 14.a4 b4 15.Nd1 h6
16.Be3 O-O 17.a5 Qc7 18.Bxc5 Qxc5 19.Re1 Rfe8 20.c4 d6 21.Qf3 Qc6 22.b3 Nd7
23.Ra4 Qc7 24.Bb1 Bc6 25.Ra2 Nc5 26.Qe3 Ne6 27.Qd3 Rab8 28.f3 Nd4 29.Ne3 g6
30.Ng4 Kg7 31.Qe3 Rh8 32.f4 Bd7 33.fxe5 Bxg4 34.Qxd4 dxe5 35.Qe3 Rhd8 36.Rf1 Be6
37.Qf2 Rd7 38.h3 Kh7 39.Kh2 Rd4 40.Qe1 Qc5 41.Qf2 Rbd8 42.Kg1 Qc7 43.Qe2 Qe7
44.Qe3 Rd1 45.Rf2 Rxf1+ 46.Rxf1 Rd4 47.Kh2 Qc5 48.Rc1 Kg7 49.Bd3 Qxa5 50.c5 Qa3
51.Be2 Qb2 52.Bxa6 Rd2 53.Rg1 Rc2 54.Bb7 Rc3  0-1

[Event "Karl Wagner mem 5th"]
[Site "Graz"]
[Date "1998.09.06"]
[Round "2.2"]
[White "Grabher, Heinz"]
[Black "Epishin, Vladimir"]
[Result "0-1"]
[WhiteElo "2285"]
[BlackElo "2585"]

1.e4 c5 2.Nf3 e6 3.d4 cxd4 4.Nxd4 Nc6 5.Nc3 Qc7 6.g3 a6 7.Bg2 Nf6 8.O-O Be7
9.Re1 d6 10.Nxc6 bxc6 11.Na4 Bb7 12.c4 c5 13.b3 O-O 14.Bb2 Nd7 15.Qe2 Bc6
16.Nc3 Bf6 17.Nd1 Bd4 18.Ne3 Nf6 19.Rad1 Bxb2 20.Qxb2 Nxe4 21.Nd5 exd5 22.cxd5 Nxf2
23.Qxf2 Bd7 24.Re7 Rae8 25.Rde1 Qd8 26.Qe3 Qxe7 27.Qxe7 Rxe7 28.Rxe7 Rd8
29.Kf2 Kf8 30.Re4 a5 31.Bf1 Re8 32.Rh4 h6 33.Bh3 Bxh3 34.Rxh3 Re4 35.Rh5 Ke7
36.Rf5 g6 37.Rf3 f5 38.h4 Kf6 39.Rd3 Ke5 40.Rf3 g5 41.hxg5 hxg5  0-1

[Event "RUS-Cup final"]
[Site "Samara"]
[Date "1998.09.07"]
[Round "9"]
[White "Landa, Konstantin"]
[Black "Filippov, Valerij"]
[Result "1/2-1/2"]
[WhiteElo "2520"]
[BlackElo "2595"]

1.e4 c5 2.Nf3 e6 3.Nc3 Nc6 4.d4 cxd4 5.Nxd4 Nf6 6.Ndb5 d6 7.Bf4 e5 8.Bg5 a6
9.Na3 b5 10.Nd5 Be7 11.Bxf6 Bxf6 12.c3 O-O 13.Nc2 Bg5 14.a4 bxa4 15.Rxa4 a5
16.Bb5 Ne7 17.Ncb4 Be6 18.Nxe7+ Qxe7 19.Bc6 Rac8 20.Rxa5 Rxc6 21.Nxc6 Qb7
22.h4 Bf6 23.Qxd6 Rc8 24.Ra7 Qxc6 25.Qxc6 Rxc6 26.Ra8+ Rc8 27.Rxc8+ Bxc8
28.Kd2  1/2-1/2

[Event "RUS-Cup final"]
[Site "Samara"]
[Date "1998.09.07"]
[Round "9"]
[White "Dvoirys, Semen I"]
[Black "Zvjaginsev, Vadim"]
[Result "1/2-1/2"]
[WhiteElo "2585"]
[BlackElo "2650"]

1.e4 c5 2.Nf3 e6 3.d4 cxd4 4.Nxd4 Nc6 5.Nc3 d6 6.Bc4 Nf6 7.O-O Be7 8.a3 O-O
9.Ba2 Nxd4 10.Qxd4 b6 11.Qd3 Bb7 12.Bf4 Qc8 13.Rfe1 Rd8 14.Rad1 a6 15.a4 b5
16.axb5 axb5 17.Qxb5 Nxe4 18.Bxe6 fxe6 19.Nxe4 Bxe4 20.Rxe4 Qxc2 21.Ree1 Rab8
22.Qa5 e5 23.Qd5+ Kh8 24.b4 Qa4 25.Bd2 Qb5 26.Qe6 Qd7 27.Qb3 Rf8 28.Bc3 Qc6
29.f3 Bd8 30.Rd3 Bb6+ 31.Kh1 Rfc8 32.Qe6 Bd4 33.Bxd4 exd4 34.Qg4 Rxb4 35.Rxd4 Re8
36.Rxe8+ Qxe8 37.h4 h5 38.Qf4  1/2-1/2

[Event "Cancan Veterans-Women"]
[Site "Roquebrune"]
[Date "1998.09.08"]
[Round "2"]
[White "Xie Jun"]
[Black "Taimanov, Mark E"]
[Result "1-0"]
[WhiteElo "2510"]
[BlackElo "2455"]

1.e4 c5 2.Nf3 e6 3.d4 cxd4 4.Nxd4 Nc6 5.Nc3 Qc7 6.Be2 a6 7.O-O Nf6 8.Kh1 Bb4
9.Nxc6 Qxc6 10.Bf3 Qc7 11.Bg5 h6 12.Bxf6 gxf6 13.Qd3 Qd6 14.Qe2 Qe5 15.Bh5 Bxc3
16.bxc3 Qxc3 17.Rad1 Ke7 18.f4 b5 19.e5 f5 20.Qf2 Rf8 21.Rd3 Qc7 22.Rfd1 Qa7
23.Qh4+ Ke8 24.Rg3 Qc5 25.Rd6 Qxc2 26.h3 Bb7 27.Kh2 Qc4 28.Bxf7+ Rxf7 29.Rg8+ Rf8
30.Rxf8+  1-0